Grootste Steden en Gemeenten van de Benelux - Statistieken

Algemene statistieken
  • Deze quiz is 758 keer genomen
  • De gemiddelde score is 19 van 30
Antwoordstatistieken
Bevolking Stad/Gemeente % Correct
872.757 Amsterdam
99%
651.157 Rotterdam
98%
529.247 Antwerpen
96%
185.103 Brussel
95%
545.838 's-Gravenhage
94%
263.927 Gent
92%
375.597 Utrecht
90%
234.394 Eindhoven
89%
197.217 Luik
86%
232.874 Groningen
84%
184.069 Breda
77%
121.575 Maastricht
77%
219.789 Tilburg
75%
161.348 Arnhem
67%
202.746 Charleroi
67%
177.659 Nijmegen
67%
211.893 Almere
63%
155.111 's-Hertogenbosch
59%
128.840 Zwolle
58%
162.902 Haarlem
57%
124.084 Leeuwarden
55%
122.273 Luxemburg
55%
159.640 Enschede
53%
125.099 Leiden
48%
157.276 Amersfoort
43%
163.818 Apeldoorn
42%
125.285 Zoetermeer
25%
156.794 Zaanstad
12%
156.002 Haarlemmermeer
10%
132.799 Schaarbeek
8%
Geen overeenkomende quizzen gevonden
Scoreverdeling
Procent van Mensen met Elke Score
Percentiel versus Aantal Correcte Antwoorden
Uw Scoregeschiedenis
U heeft deze quiz nog niet genomen